Berühmte Militärs nach Bild und Nation - 1 - Statistiken

Allgemein
  • Dieses Quiz wurde 143 mal gespielt
  • Das Durchschnittsergebnis liegt bei 4 aus 8
Antwortstatistiken
Bildquiz Hint Antwort % Korrekt
Frankreich Napoleon Bonaparte
98%
Vereinigte Staaten George Washington
93%
Italien Gaius Iulius Caesar
73%
Vereinigtes Königreich Horatio Nelson
49%
Deutschland Helmuth von Moltke
30%
Österreich Josef Wenzel Radetzky
17%
Polen Józef Piłsudski
9%
Russland Alexander Suworow
6%
Keine übereinstimmenden Quizze gefunden
Verteilung der Resultate
Anzahl Personen mit jedem Resultat
Perzentil nach korrekt beantworteten Fragen
Ihre Resultats-Entwicklung
Sie haben dieses Quiz noch nicht gespielt